| 000 | 01081cam a22003253a 4500 | ||
|---|---|---|---|
| 001 | 10012 | ||
| 003 | PGUSA | ||
| 005 | 20140828083218.0 | ||
| 008 | 031101s2003||||xxu|||||s|||||000 | eng d | ||
| 040 |
_aPGUSA _beng |
||
| 042 | _adc | ||
| 050 | 4 | _aQH | |
| 050 | 4 | _aF850.5 | |
| 100 | 1 |
_aMuir, John, _d1838-1914 |
|
| 245 | 1 | 4 |
_aThe Mountains of California _h[electronic resource] / _cJohn Muir |
| 260 |
_bProject Gutenberg, _c2003 |
||
| 506 | _aPublic domain in the USA. | ||
| 516 | _aElectronic text | ||
| 653 | _aNatural history -- California | ||
| 653 | _aMuir, John, 1838-1914 -- Travel -- Sierra Nevada (Calif. and Nev.) | ||
| 653 | _aMountain ecology -- California | ||
| 653 | _aSierra Nevada (Calif. and Nev.) | ||
| 653 | _aNaturalists -- United States -- Biography | ||
| 653 | _aCalifornia -- Description and travel | ||
| 653 | _aNatural history -- Sierra Nevada (Calif. and Nev.) | ||
| 653 | _aMountain ecology -- Sierra Nevada (Calif. and Nev.) | ||
| 830 | 0 |
_aProject Gutenberg _v10012 |
|
| 856 | 4 | 0 | _uhttp://www.gutenberg.org/ebooks/10012 |
| 942 | _cEB | ||
| 999 |
_c239267 _d239267 |
||